Chocolate nations : (Record no. 7623)

MARC details
000 -LEADER
fixed length control field 00682nam a22002177a 4500
003 - CONTROL NUMBER IDENTIFIER
control field OSt
005 - DATE AND TIME OF LATEST TRANSACTION
control field 20220119125056.0
008 - FIXED-LENGTH DATA ELEMENTS--GENERAL INFORMATION
fixed length control field 220119b ||||| |||| 00| 0 eng d
020 ## - INTERNATIONAL STANDARD BOOK NUMBER
International Standard Book Number 9781780323091
040 ## - CATALOGING SOURCE
Transcribing agency DDC
082 ## - DEWEY DECIMAL CLASSIFICATION NUMBER
Classification number 641.337 RYA 2011
100 ## - MAIN ENTRY--PERSONAL NAME
Personal name Ryan, Orla.
9 (RLIN) 15583
245 ## - TITLE STATEMENT
Title Chocolate nations :
Remainder of title living and dying for cocoa in West Africa
260 ## - PUBLICATION, DISTRIBUTION, ETC. (IMPRINT)
Place of publication, distribution, etc. London :
Name of publisher, distributor, etc. Zed;
Date of publication, distribution, etc. 2012.
300 ## - PHYSICAL DESCRIPTION
Extent viii, 182 pages ;
Dimensions 20 cm
504 ## - BIBLIOGRAPHY, ETC. NOTE
Bibliography, etc Includes bibliographical references and index.
650 ## - SUBJECT ADDED ENTRY--TOPICAL TERM
Topical term or geographic name as entry element Cocoa trade -- Africa, West.
9 (RLIN) 15584
650 ## - SUBJECT ADDED ENTRY--TOPICAL TERM
Topical term or geographic name as entry element Cacao growers -- Africa, West -- Economic conditions.
9 (RLIN) 15585
650 ## - SUBJECT ADDED ENTRY--TOPICAL TERM
Topical term or geographic name as entry element Chocolate.
9 (RLIN) 15586
942 ## - ADDED ENTRY ELEMENTS (KOHA)
Source of classification or shelving scheme Dewey Decimal Classification
Koha item type Book
Holdings
Withdrawn status Lost status Source of classification or shelving scheme Damaged status Not for loan Home library Current library Date acquired Source of acquisition Inventory number Total Checkouts Full call number Barcode Date last seen Price effective from Koha item type
    Dewey Decimal Classification     MUST Main Library MUST Main Library 19/01/2022 Purchase 14/38794   641.337 RYA 2011 2022-0068 19/01/2022 19/01/2022 Book
    Dewey Decimal Classification     MUST Main Library MUST Main Library 26/06/2024 Donation     641.337 RYA 2011 2024-21465 26/06/2024 26/06/2024 Book
    Dewey Decimal Classification     MUST Main Library MUST Main Library   Donation 11/35169   641.337 RYA 2011 2024-22260 16/08/2024   Open Shelf